Statistics for Click the Country - Western Africa

Click here to take the quiz!

General Stats

  • This quiz has been taken 140 times
  • The average score is 10 of 16

Answer Stats

HintAnswer% Correct
Was established as a home for freed American slavesLiberia
86%
Is projected to be in the top 3 largest countries by population by 2100Nigeria
86%
Was formerly known as Portuguese GuineaGuinea-Bissau
84%
Was uninhabited until the 15th centuryCape Verde
78%
Its name translates to "Lion Mountains"Sierra Leone
76%
Is the westernmost country on the African mainlandSenegal
75%
Is home to the city of TimbuktuMali
72%
Its capital is Porto-NovoBenin
70%
UN secretary general, Kofi Annan was from this countryGhana
66%
Has the highest birth rate in the worldNiger
66%
Its maximum width is less than 50 kilometersGambia
59%
Is the world's largest producer of cocoa beansIvory Coast
59%
Was the last country to legally abolish slaveryMauritania
51%
Was formerly led by Thomas SankaraBurkina Faso
43%
Has the highest percent of the population that practices animismTogo
36%
Has the world's largest reserves of bauxite (aluminum)Guinea
32%

Score Distribution

Percentile by Number Answered

Percent of People with Each Score

Your Score History

You have not taken this quiz